| 000 | 01268cam a22003857a 4500 | ||
|---|---|---|---|
| 003 | CHAP | ||
| 005 | 20220329142315.0 | ||
| 008 | 000605d1999 mx a r 00110 spa d | ||
| 010 | _a81375 | ||
| 011 | _a82347 | ||
| 020 | _a9709026224 | ||
| 035 | _a92838 | ||
| 040 | _cCHAP | ||
| 090 | _aFolleto 15984 | ||
| 100 | 0 | 0 |
_aAguirre, Eugenio. _93060 |
| 245 | 1 | 0 |
_aFrutas : _bmacedonia michoacana _c/por Eugenio Aguirre |
| 260 |
_aMéxico, D. F. : _bSecretaría de Desarrollo Social, _c1999. |
||
| 300 |
_a93 p. : _bilus. |
||
| 490 | 0 | _aCrónicas de las empresas sociales | |
| 590 |
_aBATCH-UPD _b10 _c20130110 _lUCH01 _h0617 |
||
| 590 |
_aBATCH-UPD _b10 _c20130110 _lUCH01 _h2345 |
||
| 590 |
_aBATCH-UPD _b10 _c20130410 _lUCH01 _h0259 |
||
| 590 |
_aBATCH-UPD _b10 _c20130410 _lUCH01 _h1632 |
||
| 590 |
_aBATCH-UPD _b10 _c20130913 _lUCH01 _h2319 |
||
| 590 |
_aBATCH-UPD _b10 _c20130914 _lUCH01 _h1651 |
||
| 590 |
_aCONVERSION _b10 _c20130109 _lUCH01 _h1345 |
||
| 650 | 1 | 4 |
_aCampesinado _xMichoacán. _918024 |
| 650 | 1 | 4 |
_aFruticultura _xMichoacán. _943735 |
| 650 | 1 | 4 |
_aNovela mexicana. _982025 |
| 830 | 0 | 0 |
_aCrónicas de las empresas sociales _929171 |
| 901 | _aBK | ||
| 905 | _aLilia Sánchez G. | ||
| 942 | _cFOLL | ||
| 949 |
_aFolleto 15984 _bBC _cFOLL _d928381 _eTS1 _i92838 _sb |
||
| 999 |
_c81375 _d81375 |
||